000 00288nam a22001337a 4500
008 170524b xxu||||| |||| 00| 0 eng d
020 _a0132793806
041 _aeng
080 _22ND
_a621
100 _a26
101 _aIM
245 _aENGINEERING MECHANICS
_cHIGDON
942 _2udc
_cBK
999 _c14137
_d14137